Top 10 "Large" Countries by Population Density - Statistics

General Stats
  • This quiz has been taken 26 times
  • The average score is 7 of 10
Answer Stats
Density per km2 Answer % Correct
149 China
95%
435 India
86%
249 Nigeria
77%
112 Egypt
73%
145 Indonesia
73%
101 France
68%
110 Turkey
64%
115 Ethiopia
59%
302 Pakistan
55%
140 Thailand
55%
No matching quizzes found
Score Distribution
Percent of People with Each Score
Percentile by Number Answered
Your Score History
You have not taken this quiz